[Event "Greek Team Championship"]
[Site "chess24.com"]
[Date "2017.07.03"]
[Round "1"]
[White "Marinakis, Hristos"]
[Black "Ioannidis, Evgenios"]
[Result "0-1"]
[Board "9"]
[WhiteElo "1842"]
[WhiteCountry "GRE"]
[WhiteFideId "4294661"]
[WhiteEloChange "-2"]
[BlackElo "2388"]
[BlackTitle "FM"]
[BlackCountry "GRE"]
[BlackFideId "4229274"]
[BlackEloChange "2"]

1. e4 {[%clk 1:30:54]} c5 {[%clk 1:30:55]} 2. Nf3 {[%clk 1:31:21]} d6 {[%clk
1:31:18]} 3. d4 {[%clk 1:31:45]} cxd4 {[%clk 1:31:39]} 4. Nxd4 {[%clk 1:32:10]}
Nf6 {[%clk 1:32:04]} 5. Nc3 {[%clk 1:32:35]} a6 {[%clk 1:32:27]} 6. Bc4 {[%clk
1:32:55]} e6 {[%clk 1:32:47]} 7. Bb3 {[%clk 1:33:16]} Nbd7 {[%clk 1:33:12]} 8.
Bg5 {[%clk 1:32:05]} Nc5 {[%clk 1:32:42]} 9. f4 {[%clk 1:31:26]} Be7 {[%clk
1:28:15]} 10. Qf3 {[%clk 1:29:21]} O-O {[%clk 1:27:50]} 11. O-O {[%clk 1:27:48]}
Qc7 {[%clk 1:22:34]} 12. Kh1 {[%clk 1:24:14]} b5 {[%clk 1:21:48]} 13. a3 {[%clk
1:23:22]} Bb7 {[%clk 1:11:29]} 14. Rfe1 {[%clk 1:17:48]} h6 {[%clk 0:48:40]} 15.
Bh4 {[%clk 1:07:02]} Rac8 {[%clk 0:26:49]} 16. Ba2 {[%clk 0:49:52]} Rfe8 {[%clk
0:19:17]} 17. Bf2 {[%clk 0:42:31]} Qb8 {[%clk 0:17:23]} 18. Re2 {[%clk 0:27:41]}
Qa8 {[%clk 0:14:52]} 19. Rae1 {[%clk 0:26:08]} Kh8 {[%clk 0:14:57]} 20. h3 {[%clk
0:22:02]} Ncxe4 {[%clk 0:04:40]} 21. Nxe4 {[%clk 0:22:13]} Nxe4 {[%clk 0:05:08]}
22. Rxe4 {[%clk 0:16:40]} f5 {[%clk 0:05:36]} 23. Bxe6 {[%clk 0:16:26]} Bxe4
{[%clk 0:06:03]} 24. Qg3 {[%clk 0:16:42]} Rc5 {[%clk 0:01:56]} 25. Qg6 {[%clk
0:13:50]} Rf8 {[%clk 0:01:41]} 26. Nxf5 {[%clk 0:11:23]} Rcxf5 {[%clk 0:01:45]}
27. Bxf5 {[%clk 0:07:39]} Bxf5 {[%clk 0:01:53]} 28. Qh5 {[%clk 0:08:03]} Be4
{[%clk 0:01:43]} 29. Qg4 {[%clk 0:07:31]} Bf6 {[%clk 0:01:55]} 30. f5 {[%clk
0:07:01]} d5 {[%clk 0:02:06]} 31. Be3 {[%clk 0:06:33]} Qc8 {[%clk 0:01:45]} 32.
Rf1 {[%clk 0:06:22]} Bxb2 {[%clk 0:01:54]} 33. Qh4 {[%clk 0:05:03]} Rxf5 {[%clk
0:02:11]} 34. Re1 {[%clk 0:04:52]} Qxc2 {[%clk 0:02:20]} 0-1

[Event "Greek Team Championship"]
[Site "chess24.com"]
[Date "2017.07.03"]
[Round "1"]
[White "Kalamoukos, Grigorios"]
[Black "Sifogiannakis, Andreas"]
[Result "1/2-1/2"]
[Board "10"]
[WhiteElo "1331"]
[WhiteCountry "GRE"]
[WhiteFideId "4298020"]
[WhiteEloChange "4"]
[BlackElo "1496"]
[BlackCountry "GRE"]
[BlackFideId "25829408"]
[BlackEloChange "-4"]

1. d4 {[%clk 1:30:57]} d5 {[%clk 1:30:52]} 2. Nf3 {[%clk 1:31:21]} Nf6 {[%clk
1:31:00]} 3. Bf4 {[%clk 1:31:43]} e6 {[%clk 1:31:13]} 4. e3 {[%clk 1:31:58]} Nbd7
{[%clk 1:31:38]} 5. Nbd2 {[%clk 1:32:18]} Be7 {[%clk 1:31:45]} 6. Bd3 {[%clk
1:32:00]} b6 {[%clk 1:31:13]} 7. c3 {[%clk 1:30:56]} Bb7 {[%clk 1:31:22]} 8. Ne5
{[%clk 1:26:49]} O-O {[%clk 1:30:04]} 9. Qf3 {[%clk 1:26:47]} c5 {[%clk 1:28:05]}
10. h4 {[%clk 1:26:44]} Ne8 {[%clk 1:21:51]} 11. Qh5 {[%clk 1:17:19]} f5 {[%clk
1:18:34]} 12. Nxd7 {[%clk 1:11:24]} Qxd7 {[%clk 1:18:14]} 13. Be5 {[%clk
1:10:50]} Bd6 {[%clk 1:14:19]} 14. Nf3 {[%clk 1:07:46]} Nf6 {[%clk 1:13:08]} 15.
Bxf6 {[%clk 1:05:20]} Rxf6 {[%clk 1:13:20]} 16. Nd2 {[%clk 0:54:38]} Qf7 {[%clk
1:11:53]} 17. Qxf7+ {[%clk 0:54:36]} Rxf7 {[%clk 1:11:14]} 18. f4 {[%clk
0:51:38]} cxd4 {[%clk 1:10:32]} 19. cxd4 {[%clk 0:51:05]} Rc8 {[%clk 1:10:16]}
20. a3 {[%clk 0:48:36]} Rfc7 {[%clk 1:08:29]} 21. Nf3 {[%clk 0:48:20]} h6 {[%clk
1:07:36]} 22. Kd2 {[%clk 0:48:36]} Kf7 {[%clk 1:06:58]} 23. Rhg1 {[%clk 0:47:09]}
h5 {[%clk 1:02:12]} 24. Rac1 {[%clk 0:43:38]} Rxc1 {[%clk 0:55:10]} 25. Rxc1
{[%clk 0:44:01]} Rxc1 {[%clk 0:55:34]} 26. Kxc1 {[%clk 0:44:25]} Bc6 {[%clk
0:54:50]} 27. Ba6 {[%clk 0:43:02]} Ke7 {[%clk 0:53:36]} 28. Bc8 {[%clk 0:41:17]}
b5 {[%clk 0:51:53]} 29. Ne5 {[%clk 0:35:46]} Bxe5 {[%clk 0:51:14]} 30. dxe5
{[%clk 0:35:40]} Bd7 {[%clk 0:51:20]} 31. Ba6 {[%clk 0:35:40]} Kd8 {[%clk
0:50:42]} 32. a4 {[%clk 0:35:16]} bxa4 {[%clk 0:49:30]} 33. Be2 {[%clk 0:33:16]}
g6 {[%clk 0:48:59]} 34. Kc2 {[%clk 0:32:17]} Kc7 {[%clk 0:49:06]} 35. Kc3 {[%clk
0:32:08]} Kb6 {[%clk 0:48:34]} 36. Bd1 {[%clk 0:30:52]} Ka5 {[%clk 0:42:45]} 37.
Bc2 {[%clk 0:29:37]} Bb5 {[%clk 0:41:04]} 38. Bd1 {[%clk 0:29:44]} Bf1 {[%clk
0:36:30]} 39. g3 {[%clk 0:29:00]} Bb5 {[%clk 0:27:56]} 40. Bf3 {[%clk 0:55:40]}
Bc6 {[%clk 0:51:11]} 41. Kd4 {[%clk 0:55:40]} 1/2-1/2

[Event "Greek Team Championship"]
[Site "chess24.com"]
[Date "2017.07.03"]
[Round "1"]
[White "Alexakis, Dimitris"]
[Black "Mastrovasilis, Athanasios"]
[Result "0-1"]
[Board "2"]
[WhiteElo "2044"]
[WhiteCountry "GRE"]
[WhiteFideId "4277023"]
[WhiteEloChange "-2"]
[BlackElo "2512"]
[BlackTitle "GM"]
[BlackCountry "GRE"]
[BlackFideId "4201990"]
[BlackEloChange "1"]

1. e4 {[%clk 1:30:55]} c5 {[%clk 1:30:34]} 2. Nf3 {[%clk 1:31:20]} e6 {[%clk
1:30:53]} 3. d4 {[%clk 1:31:45]} cxd4 {[%clk 1:31:18]} 4. Nxd4 {[%clk 1:32:11]}
Nc6 {[%clk 1:31:39]} 5. Nc3 {[%clk 1:31:41]} Qc7 {[%clk 1:31:24]} 6. Be3 {[%clk
1:31:54]} a6 {[%clk 1:31:02]} 7. Qf3 {[%clk 1:32:17]} Nf6 {[%clk 1:31:17]} 8.
O-O-O {[%clk 1:32:29]} Nxd4 {[%clk 1:31:34]} 9. Bxd4 {[%clk 1:32:54]} e5 {[%clk
1:31:56]} 10. Qg3 {[%clk 1:33:06]} d6 {[%clk 1:32:16]} 11. Be3 {[%clk 1:33:29]}
Be6 {[%clk 1:32:29]} 12. f3 {[%clk 1:24:12]} Rc8 {[%clk 1:30:25]} 13. Qf2 {[%clk
1:22:52]} b5 {[%clk 1:27:31]} 14. Kb1 {[%clk 1:13:06]} Qb7 {[%clk 1:21:44]} 15.
Qd2 {[%clk 0:53:53]} Be7 {[%clk 1:13:49]} 16. Nd5 {[%clk 0:48:20]} Nxd5 {[%clk
1:05:24]} 17. exd5 {[%clk 0:48:39]} Bf5 {[%clk 1:00:10]} 18. Bd3 {[%clk 0:28:29]}
Bxd3 {[%clk 0:54:40]} 19. Qxd3 {[%clk 0:28:52]} O-O {[%clk 0:54:47]} 20. g4
{[%clk 0:27:56]} Rc4 {[%clk 0:49:16]} 21. h4 {[%clk 0:24:21]} f5 {[%clk 0:39:33]}
22. gxf5 {[%clk 0:13:31]} Qc8 {[%clk 0:33:17]} 23. b3 {[%clk 0:05:59]} Rc3 {[%clk
0:31:47]} 24. Qd2 {[%clk 0:05:55]} Rxf5 {[%clk 0:26:52]} 25. f4 {[%clk 0:02:28]}
Bf6 {[%clk 0:20:57]} 26. fxe5 {[%clk 0:00:59]} Bxe5 {[%clk 0:21:05]} 27. Rc1
{[%clk 0:00:55]} Rc7 {[%clk 0:08:55]} 28. Rhe1 {[%clk 0:00:55]} Bc3 {[%clk
0:08:47]} 29. Qd3 {[%clk 0:00:41]} Bxe1 {[%clk 0:07:47]} 30. Rxe1 {[%clk
0:01:04]} Re7 {[%clk 0:06:55]} 31. Bd2 {[%clk 0:00:38]} Rxe1+ {[%clk 0:06:24]}
32. Bxe1 {[%clk 0:01:02]} Qf8 {[%clk 0:04:33]} 33. Kb2 {[%clk 0:00:38]} Qf7
{[%clk 0:02:31]} 34. c4 {[%clk 0:00:50]} bxc4 {[%clk 0:02:44]} 35. bxc4 {[%clk
0:00:54]} Rf3 {[%clk 0:02:11]} 36. Qe2 {[%clk 0:00:33]} Qf6+ {[%clk 0:01:56]} 37.
Kc2 {[%clk 0:00:34]} h6 {[%clk 0:01:56]} 38. h5 {[%clk 0:00:35]} Qf5+ {[%clk
0:01:52]} 39. Kc1 {[%clk 0:00:48]} Qxh5 {[%clk 0:01:30]} 40. Qe6+ {[%clk
0:30:47]} Qf7 {[%clk 0:31:19]} 41. Qxd6 {[%clk 0:26:11]} Qf4+ {[%clk 0:28:50]}
42. Qxf4 {[%clk 0:26:33]} Rxf4 {[%clk 0:29:19]} 0-1

[Event "Greek Team Championship"]
[Site "chess24.com"]
[Date "2017.07.03"]
[Round "1"]
[White "Georgiadis, Nico"]
[Black "Tsomis, Dimitrios"]
[Result "1-0"]
[Board "3"]
[WhiteElo "2495"]
[WhiteTitle "IM"]
[WhiteCountry "SUI"]
[WhiteFideId "1300113"]
[WhiteEloChange "1"]
[BlackElo "1971"]
[BlackTitle "FM"]
[BlackCountry "GRE"]
[BlackFideId "4201280"]
[BlackEloChange "-2"]

1. e4 {[%clk 1:30:56]} c5 {[%clk 1:30:39]} 2. Nf3 {[%clk 1:31:20]} d6 {[%clk
1:30:46]} 3. d4 {[%clk 1:31:44]} cxd4 {[%clk 1:30:54]} 4. Nxd4 {[%clk 1:32:08]}
Nf6 {[%clk 1:31:05]} 5. Nc3 {[%clk 1:32:32]} a6 {[%clk 1:31:12]} 6. Bc4 {[%clk
1:32:28]} e6 {[%clk 1:30:25]} 7. Bb3 {[%clk 1:32:52]} Qc7 {[%clk 1:27:58]} 8. f4
{[%clk 1:15:17]} Nc6 {[%clk 1:27:01]} 9. Be3 {[%clk 1:11:49]} Na5 {[%clk
1:16:48]} 10. O-O {[%clk 1:09:36]} Be7 {[%clk 1:14:35]} 11. Ba4+ {[%clk 1:01:02]}
Bd7 {[%clk 1:08:05]} 12. Bxd7+ {[%clk 1:01:20]} Qxd7 {[%clk 1:07:35]} 13. Qe2
{[%clk 0:52:32]} Rc8 {[%clk 1:06:07]} 14. e5 {[%clk 0:50:03]} dxe5 {[%clk
1:05:25]} 15. fxe5 {[%clk 0:50:28]} Nd5 {[%clk 1:05:40]} 16. Qf3 {[%clk 0:45:24]}
O-O {[%clk 1:03:36]} 17. Nxd5 {[%clk 0:45:49]} Qxd5 {[%clk 1:03:48]} 18. Nf5
{[%clk 0:27:27]} Bc5 {[%clk 1:01:55]} 19. Qxd5 {[%clk 0:27:11]} Bxe3+ {[%clk
1:02:03]} 20. Kh1 {[%clk 0:25:21]} exd5 {[%clk 1:02:16]} 21. Ne7+ {[%clk
0:25:42]} Kh8 {[%clk 1:01:48]} 22. Nxc8 {[%clk 0:26:07]} Rxc8 {[%clk 1:02:07]}
23. Rxf7 {[%clk 0:26:31]} Kg8 {[%clk 0:57:02]} 24. Rd7 {[%clk 0:24:09]} Nc6
{[%clk 0:51:17]} 25. Rxd5 {[%clk 0:21:50]} Re8 {[%clk 0:49:49]} 26. Rd7 {[%clk
0:17:07]} Nxe5 {[%clk 0:43:59]} 27. Rxb7 {[%clk 0:17:29]} Ng4 {[%clk 0:40:12]}
28. g3 {[%clk 0:08:40]} Rf8 {[%clk 0:38:21]} 29. h3 {[%clk 0:08:42]} Nf2+ {[%clk
0:31:10]} 30. Kg2 {[%clk 0:09:09]} Ne4 {[%clk 0:30:48]} 31. Rf1 {[%clk 0:09:20]}
Rd8 {[%clk 0:30:02]} 32. Re7 {[%clk 0:08:16]} Nd2 {[%clk 0:22:26]} 33. Rxe3
{[%clk 0:08:21]} Nxf1 {[%clk 0:22:38]} 34. Kxf1 {[%clk 0:08:48]} Rd2 {[%clk
0:22:31]} 35. Re2 {[%clk 0:09:10]} Rd1+ {[%clk 0:22:38]} 36. Kf2 {[%clk 0:08:56]}
Kf7 {[%clk 0:22:59]} 37. h4 {[%clk 0:07:07]} h5 {[%clk 0:23:09]} 38. a4 {[%clk
0:06:47]} Kf6 {[%clk 0:23:15]} 39. a5 {[%clk 0:05:24]} Rb1 {[%clk 0:20:40]} 40.
b3 {[%clk 0:33:40]} Ra1 {[%clk 0:49:56]} 41. b4 {[%clk 0:33:29]} Rb1 {[%clk
0:50:07]} 42. Re4 {[%clk 0:33:15]} Kf5 {[%clk 0:50:06]} 43. Rc4 {[%clk 0:33:17]}
g6 {[%clk 0:49:55]} 44. c3 {[%clk 0:32:21]} Rb2+ {[%clk 0:49:22]} 45. Kf3 {[%clk
0:32:36]} 1-0

[Event "Greek Team Championship"]
[Site "chess24.com"]
[Date "2017.07.03"]
[Round "1"]
[White "Asvestopoulos, Hristos"]
[Black "Malikentzos, Sotirios"]
[Result "0-1"]
[Board "4"]
[WhiteElo "1923"]
[WhiteCountry "GRE"]
[WhiteFideId "4215869"]
[WhiteEloChange "-2"]
[BlackElo "2439"]
[BlackTitle "FM"]
[BlackCountry "GRE"]
[BlackFideId "4215079"]
[BlackEloChange "1"]

1. d3 {[%clk 1:30:45]} d5 {[%clk 1:30:28]} 2. e4 {[%clk 1:30:56]} c6 {[%clk
1:30:11]} 3. Nc3 {[%clk 1:28:29]} e5 {[%clk 1:26:14]} 4. f4 {[%clk 1:20:25]} dxe4
{[%clk 1:20:33]} 5. fxe5 {[%clk 1:13:56]} Bb4 {[%clk 1:19:08]} 6. Bd2 {[%clk
1:06:02]} exd3 {[%clk 0:53:44]} 7. Bxd3 {[%clk 1:05:56]} Ne7 {[%clk 0:54:03]} 8.
Ne4 {[%clk 0:58:11]} Bxd2+ {[%clk 0:48:37]} 9. Qxd2 {[%clk 0:57:20]} O-O {[%clk
0:48:53]} 10. O-O-O {[%clk 0:52:09]} Ng6 {[%clk 0:47:03]} 11. Nf3 {[%clk
0:47:55]} Bg4 {[%clk 0:46:22]} 12. Neg5 {[%clk 0:45:15]} Bxf3 {[%clk 0:37:50]}
13. gxf3 {[%clk 0:44:50]} Na6 {[%clk 0:29:30]} 14. Qe3 {[%clk 0:25:26]} Qb6
{[%clk 0:27:05]} 15. Qe2 {[%clk 0:19:58]} Nb4 {[%clk 0:24:32]} 16. Bc4 {[%clk
0:18:41]} Qc5 {[%clk 0:22:37]} 17. f4 {[%clk 0:16:30]} Nxf4 {[%clk 0:19:02]} 18.
Qe4 {[%clk 0:13:42]} Ng6 {[%clk 0:19:27]} 19. Nxf7 {[%clk 0:08:35]} Rxf7 {[%clk
0:19:02]} 20. Bxf7+ {[%clk 0:08:15]} Kxf7 {[%clk 0:19:17]} 21. Rd7+ {[%clk
0:06:35]} Kg8 {[%clk 0:19:07]} 22. Rhd1 {[%clk 0:06:00]} Nd5 {[%clk 0:17:24]} 23.
Kb1 {[%clk 0:04:54]} Re8 {[%clk 0:16:20]} 24. Rf1 {[%clk 0:01:26]} Nc3+ {[%clk
0:14:59]} 25. bxc3 {[%clk 0:01:15]} Qb5+ {[%clk 0:15:24]} 26. Kc1 {[%clk
0:01:37]} Qxf1+ {[%clk 0:15:48]} 27. Kb2 {[%clk 0:02:06]} Qb5+ {[%clk 0:16:02]}
28. Kc1 {[%clk 0:01:57]} Qxe5 {[%clk 0:16:10]} 29. Qb4 {[%clk 0:00:50]} Qf4+
{[%clk 0:16:14]} 0-1

[Event "Greek Team Championship"]
[Site "chess24.com"]
[Date "2017.07.03"]
[Round "1"]
[White "Zawadzka, Jolanta"]
[Black "Zimina, Olga"]
[Result "1/2-1/2"]
[Board "5"]
[WhiteElo "2426"]
[WhiteTitle "WGM"]
[WhiteCountry "POL"]
[WhiteFideId "1122320"]
[WhiteEloChange "-1"]
[BlackElo "2390"]
[BlackTitle "IM"]
[BlackCountry "ITA"]
[BlackFideId "4132190"]
[BlackEloChange "1"]

1. e4 {[%clk 1:30:54]} c6 {[%clk 1:30:50]} 2. Nc3 {[%clk 1:31:00]} d5 {[%clk
1:31:13]} 3. Nf3 {[%clk 1:31:23]} Bg4 {[%clk 1:31:38]} 4. h3 {[%clk 1:31:38]}
Bxf3 {[%clk 1:32:03]} 5. Qxf3 {[%clk 1:32:02]} e6 {[%clk 1:32:30]} 6. d4 {[%clk
1:32:15]} dxe4 {[%clk 1:32:52]} 7. Qxe4 {[%clk 1:32:37]} Nf6 {[%clk 1:33:15]} 8.
Qd3 {[%clk 1:33:02]} Na6 {[%clk 1:33:16]} 9. a3 {[%clk 1:33:17]} Qa5 {[%clk
1:33:35]} 10. Rb1 {[%clk 1:33:08]} Nc7 {[%clk 1:33:56]} 11. Be2 {[%clk 1:29:23]}
Rd8 {[%clk 1:25:02]} 12. b4 {[%clk 1:21:48]} Qf5 {[%clk 1:25:21]} 13. Qxf5 {[%clk
1:18:00]} exf5 {[%clk 1:25:46]} 14. b5 {[%clk 1:15:07]} Ncd5 {[%clk 1:02:32]} 15.
Nxd5 {[%clk 1:14:01]} cxd5 {[%clk 1:02:19]} 16. O-O {[%clk 1:01:51]} Ne4 {[%clk
0:57:58]} 17. Re1 {[%clk 1:00:39]} Be7 {[%clk 0:54:33]} 18. Bd3 {[%clk 0:57:56]}
O-O {[%clk 0:53:31]} 19. g3 {[%clk 0:43:35]} Rfe8 {[%clk 0:49:15]} 20. Kg2 {[%clk
0:42:36]} Bd6 {[%clk 0:37:08]} 21. Rb3 {[%clk 0:34:37]} Rc8 {[%clk 0:36:51]} 22.
Be3 {[%clk 0:33:24]} h5 {[%clk 0:33:07]} 23. h4 {[%clk 0:32:17]} Re6 {[%clk
0:31:58]} 24. Kf3 {[%clk 0:27:13]} g6 {[%clk 0:24:30]} 25. Rc1 {[%clk 0:24:10]}
Nc3 {[%clk 0:17:09]} 26. Bd2 {[%clk 0:23:25]} Ne4 {[%clk 0:17:32]} 27. Be3 {[%clk
0:23:48]} Nc3 {[%clk 0:15:08]} 28. Bd2 {[%clk 0:23:42]} Ne4 {[%clk 0:15:30]} 29.
Be3 {[%clk 0:24:05]} 1/2-1/2

[Event "Greek Team Championship"]
[Site "chess24.com"]
[Date "2017.07.03"]
[Round "1"]
[White "Psofimi, Milia"]
[Black "Pasoglou, Ekaterini"]
[Result "0-1"]
[Board "6"]
[WhiteElo "1507"]
[WhiteCountry "GRE"]
[WhiteFideId "4232135"]
[WhiteEloChange "-2"]
[BlackElo "1885"]
[BlackCountry "GRE"]
[BlackFideId "4247663"]
[BlackEloChange "2"]

1. e4 {[%clk 1:30:58]} c5 {[%clk 1:30:54]} 2. Nf3 {[%clk 1:31:16]} d6 {[%clk
1:31:17]} 3. d4 {[%clk 1:31:22]} cxd4 {[%clk 1:31:41]} 4. Nxd4 {[%clk 1:31:46]}
Nf6 {[%clk 1:32:03]} 5. Nc3 {[%clk 1:31:41]} a6 {[%clk 1:32:24]} 6. Be2 {[%clk
1:27:05]} e5 {[%clk 1:32:39]} 7. Nb3 {[%clk 1:26:43]} Be7 {[%clk 1:32:39]} 8. O-O
{[%clk 1:21:27]} O-O {[%clk 1:29:27]} 9. Be3 {[%clk 1:17:24]} Be6 {[%clk
1:28:04]} 10. Qd2 {[%clk 1:09:54]} Nbd7 {[%clk 1:25:52]} 11. a4 {[%clk 1:04:28]}
Rc8 {[%clk 1:24:29]} 12. a5 {[%clk 0:57:47]} Qc7 {[%clk 1:15:00]} 13. Rac1 {[%clk
0:41:17]} Rfe8 {[%clk 1:03:21]} 14. Nd5 {[%clk 0:16:46]} Nxd5 {[%clk 0:39:19]}
15. exd5 {[%clk 0:17:10]} Bf5 {[%clk 0:39:42]} 16. Bd3 {[%clk 0:16:15]} e4 {[%clk
0:38:17]} 17. Be2 {[%clk 0:14:30]} Ne5 {[%clk 0:37:56]} 18. Nd4 {[%clk 0:07:22]}
Bg6 {[%clk 0:38:19]} 19. f4 {[%clk 0:03:40]} exf3 {[%clk 0:37:04]} 20. Bxf3
{[%clk 0:03:16]} Nc4 {[%clk 0:36:02]} 21. Qc3 {[%clk 0:01:40]} Nxe3 {[%clk
0:35:25]} 22. Qxe3 {[%clk 0:02:05]} Qxa5 {[%clk 0:31:56]} 23. Qf2 {[%clk
0:00:58]} Bg5 {[%clk 0:20:28]} 24. Rce1 {[%clk 0:00:44]} Qc5 {[%clk 0:18:20]} 25.
c3 {[%clk 0:00:43]} b5 {[%clk 0:12:14]} 26. Bg4 {[%clk 0:00:32]} Rcd8 {[%clk
0:10:50]} 27. Bf5 {[%clk 0:00:33]} Qxd5 {[%clk 0:10:18]} 28. Bxg6 {[%clk
0:00:43]} hxg6 {[%clk 0:10:17]} 29. Kh1 {[%clk 0:00:43]} Bf6 {[%clk 0:08:43]} 30.
Rd1 {[%clk 0:00:42]} Qc5 {[%clk 0:08:58]} 31. Qf4 {[%clk 0:00:35]} Re7 {[%clk
0:06:23]} 32. Nf3 {[%clk 0:00:36]} Re6 {[%clk 0:05:06]} 33. Nd4 {[%clk 0:00:54]}
Re5 {[%clk 0:05:16]} 34. Qg4 {[%clk 0:00:38]} Rg5 {[%clk 0:04:00]} 35. Qf4 {[%clk
0:00:44]} Qc4 {[%clk 0:02:47]} 36. Qf3 {[%clk 0:00:38]} Bxd4 {[%clk 0:01:32]} 37.
Rxd4 {[%clk 0:00:56]} Rf5 {[%clk 0:01:23]} 38. Qxf5 {[%clk 0:00:59]} gxf5 {[%clk
0:01:40]} 39. Rxc4 {[%clk 0:01:25]} bxc4 {[%clk 0:02:05]} 40. Rxf5 {[%clk
0:31:32]} Re8 {[%clk 0:31:38]} 41. Kg1 {[%clk 0:30:04]} Re1+ {[%clk 0:31:50]} 42.
Rf1 {[%clk 0:29:39]} Re5 {[%clk 0:26:57]} 43. Ra1 {[%clk 0:26:57]} a5 {[%clk
0:25:14]} 44. Rd1 {[%clk 0:25:48]} Rb5 {[%clk 0:18:22]} 45. Rd2 {[%clk 0:18:56]}
Kf8 {[%clk 0:17:23]} 46. Kf2 {[%clk 0:18:54]} Ke7 {[%clk 0:17:05]} 47. Ke3 {[%clk
0:18:40]} Ke6 {[%clk 0:17:10]} 48. Kf3 {[%clk 0:15:46]} Rd5 {[%clk 0:12:33]} 49.
Re2+ {[%clk 0:13:53]} Kd7 {[%clk 0:09:37]} 50. Re4 {[%clk 0:09:57]} Rd3+ {[%clk
0:09:57]} 51. Ke2 {[%clk 0:09:54]} d5 {[%clk 0:10:12]} 52. Rg4 {[%clk 0:05:24]}
g6 {[%clk 0:10:28]} 53. Rh4 {[%clk 0:04:51]} a4 {[%clk 0:10:27]} 54. Rd4 {[%clk
0:03:49]} Rxd4 {[%clk 0:10:17]} 55. cxd4 {[%clk 0:04:14]} c3 {[%clk 0:10:28]} 0-1

[Event "Greek Team Championship"]
[Site "chess24.com"]
[Date "2017.07.03"]
[Round "1"]
[White "Pasoglou, Nikoleta"]
[Black "Papadopoulou, Marilena"]
[Result "1-0"]
[Board "7"]
[WhiteElo "1241"]
[WhiteCountry "GRE"]
[WhiteFideId "4265408"]
[WhiteEloChange "9"]
[BlackElo "1213"]
[BlackCountry "GRE"]
[BlackFideId "25835971"]
[BlackEloChange "-9"]

1. e4 {[%clk 1:30:58]} e5 {[%clk 1:30:52]} 2. Nf3 {[%clk 1:31:23]} Nc6 {[%clk
1:31:13]} 3. Bb5 {[%clk 1:31:47]} a6 {[%clk 1:31:28]} 4. Ba4 {[%clk 1:32:11]} Nf6
{[%clk 1:31:44]} 5. d3 {[%clk 1:32:34]} Be7 {[%clk 1:31:48]} 6. O-O {[%clk
1:32:50]} O-O {[%clk 1:31:55]} 7. Re1 {[%clk 1:32:50]} b5 {[%clk 1:32:00]} 8. Bb3
{[%clk 1:33:12]} d6 {[%clk 1:32:02]} 9. c3 {[%clk 1:33:11]} Bb7 {[%clk 1:31:43]}
10. Nbd2 {[%clk 1:33:06]} Nd7 {[%clk 1:31:06]} 11. Nf1 {[%clk 1:31:01]} Re8
{[%clk 1:26:35]} 12. Ng3 {[%clk 1:28:22]} Bf6 {[%clk 1:23:38]} 13. d4 {[%clk
1:24:55]} Nb6 {[%clk 1:18:18]} 14. Bc2 {[%clk 1:09:02]} Qd7 {[%clk 1:10:31]} 15.
Nh5 {[%clk 0:51:53]} Be7 {[%clk 1:05:23]} 16. h3 {[%clk 0:47:13]} h6 {[%clk
1:02:30]} 17. Nh2 {[%clk 0:33:12]} Bf8 {[%clk 0:56:41]} 18. Ng4 {[%clk 0:32:15]}
Kh8 {[%clk 0:51:34]} 19. Qd3 {[%clk 0:22:48]} Rad8 {[%clk 0:49:29]} 20. Qg3
{[%clk 0:17:44]} Qe7 {[%clk 0:42:08]} 21. Bxh6 {[%clk 0:15:04]} g6 {[%clk
0:34:17]} 22. Bxf8 {[%clk 0:14:38]} Rxf8 {[%clk 0:34:04]} 23. Nhf6 {[%clk
0:15:00]} Kg7 {[%clk 0:32:16]} 24. d5 {[%clk 0:13:19]} Nb8 {[%clk 0:30:19]} 25.
f4 {[%clk 0:13:01]} Rh8 {[%clk 0:27:17]} 26. Rf1 {[%clk 0:11:27]} exf4 {[%clk
0:24:51]} 27. Qxf4 {[%clk 0:11:29]} Nc4 {[%clk 0:22:31]} 28. b3 {[%clk 0:10:23]}
Ne5 {[%clk 0:22:26]} 29. Nxe5 {[%clk 0:10:17]} dxe5 {[%clk 0:22:38]} 30. Qg5
{[%clk 0:10:35]} Qc5+ {[%clk 0:20:44]} 31. Rf2 {[%clk 0:09:29]} Qxc3 {[%clk
0:19:44]} 32. Raf1 {[%clk 0:09:46]} Rdf8 {[%clk 0:18:12]} 33. Ng4 {[%clk
0:09:48]} Nd7 {[%clk 0:15:57]} 34. Qe7 {[%clk 0:10:06]} Bc8 {[%clk 0:14:58]} 35.
Rxf7+ {[%clk 0:10:30]} Rxf7 {[%clk 0:14:48]} 36. Qxf7# {[%clk 0:10:55]} 1-0

[Event "Greek Team Championship"]
[Site "chess24.com"]
[Date "2017.07.03"]
[Round "1"]
[White "Sidiropoulos, Nikolaos"]
[Black "Vlachos, Anatole"]
[Result "1-0"]
[Board "8"]
[WhiteElo "2025"]
[WhiteCountry "GRE"]
[WhiteFideId "4217250"]
[WhiteEloChange "11"]
[BlackElo "2075"]
[BlackCountry "GRE"]
[BlackFideId "26093189"]
[BlackEloChange "-11"]

1. e4 {[%clk 1:30:57]} c5 {[%clk 1:30:54]} 2. c4 {[%clk 1:31:22]} Nc6 {[%clk
1:30:54]} 3. Nc3 {[%clk 1:31:45]} g6 {[%clk 1:30:52]} 4. g3 {[%clk 1:32:02]} Bg7
{[%clk 1:31:15]} 5. Bg2 {[%clk 1:32:26]} d6 {[%clk 1:31:04]} 6. Nge2 {[%clk
1:32:38]} Nd4 {[%clk 1:25:12]} 7. O-O {[%clk 1:31:51]} Nf6 {[%clk 1:24:58]} 8. d3
{[%clk 1:31:46]} O-O {[%clk 1:24:53]} 9. h3 {[%clk 1:31:21]} Rb8 {[%clk 1:21:51]}
10. Be3 {[%clk 1:27:52]} Nd7 {[%clk 1:20:11]} 11. Rc1 {[%clk 1:13:39]} a6 {[%clk
1:18:22]} 12. Qd2 {[%clk 1:06:55]} b5 {[%clk 1:16:05]} 13. b3 {[%clk 1:05:58]} b4
{[%clk 1:06:32]} 14. Nb1 {[%clk 1:04:21]} Nxe2+ {[%clk 1:05:46]} 15. Qxe2 {[%clk
1:04:48]} Ne5 {[%clk 1:05:14]} 16. f4 {[%clk 0:58:51]} Nc6 {[%clk 1:05:14]} 17.
Nd2 {[%clk 0:58:50]} Nd4 {[%clk 0:56:48]} 18. Qf2 {[%clk 0:58:33]} a5 {[%clk
0:51:05]} 19. Nf3 {[%clk 0:55:30]} Nxf3+ {[%clk 0:51:14]} 20. Qxf3 {[%clk
0:55:56]} Bb7 {[%clk 0:46:10]} 21. Qf2 {[%clk 0:54:58]} Qb6 {[%clk 0:43:44]} 22.
f5 {[%clk 0:39:45]} Be5 {[%clk 0:35:16]} 23. g4 {[%clk 0:35:43]} a4 {[%clk
0:32:24]} 24. g5 {[%clk 0:34:07]} f6 {[%clk 0:28:13]} 25. fxg6 {[%clk 0:33:13]}
hxg6 {[%clk 0:27:40]} 26. Qh4 {[%clk 0:32:01]} Qc6 {[%clk 0:20:44]} 27. Qh6
{[%clk 0:25:15]} Qe8 {[%clk 0:21:03]} 28. h4 {[%clk 0:24:45]} Qf7 {[%clk
0:14:35]} 29. h5 {[%clk 0:22:46]} gxh5 {[%clk 0:14:14]} 30. g6 {[%clk 0:19:38]}
Qg7 {[%clk 0:14:37]} 31. Qxh5 {[%clk 0:18:17]} Bd4 {[%clk 0:13:55]} 32. Bxd4
{[%clk 0:18:01]} cxd4 {[%clk 0:14:22]} 33. c5 {[%clk 0:11:52]} dxc5 {[%clk
0:13:06]} 34. Rxc5 {[%clk 0:12:15]} e5 {[%clk 0:11:36]} 35. Rfc1 {[%clk 0:10:30]}
Rfc8 {[%clk 0:11:23]} 36. Bh3 {[%clk 0:10:20]} Rxc5 {[%clk 0:11:51]} 37. Be6+
{[%clk 0:10:35]} Kf8 {[%clk 0:12:17]} 38. Rxc5 {[%clk 0:11:00]} Re8 {[%clk
0:08:06]} 39. Bf5 {[%clk 0:06:21]} axb3 {[%clk 0:08:06]} 40. axb3 {[%clk
0:36:16]} Re7 {[%clk 0:36:44]} 41. Rb5 {[%clk 0:32:46]} Bc6 {[%clk 0:35:38]} 42.
Rxb4 {[%clk 0:32:30]} Be8 {[%clk 0:35:02]} 43. Rb8 {[%clk 0:32:03]} Rc7 {[%clk
0:32:51]} 44. b4 {[%clk 0:31:15]} Rc1+ {[%clk 0:33:09]} 45. Kf2 {[%clk 0:31:38]}
Rc2+ {[%clk 0:33:13]} 46. Kf3 {[%clk 0:31:48]} Rc3 {[%clk 0:31:52]} 47. Qh7
{[%clk 0:32:09]} Rc7 {[%clk 0:32:00]} 48. b5 {[%clk 0:31:40]} Re7 {[%clk
0:31:48]} 49. b6 {[%clk 0:31:51]} Qxh7 {[%clk 0:32:11]} 50. gxh7 {[%clk 0:32:19]}
Kg7 {[%clk 0:32:32]} 51. Bg6 {[%clk 0:32:19]} 1-0